00321nam a2200121Ia 4500008004100000041000800041082001400049100001800063245004500081260003500126300003100161365000700192240624s9999 xx 000 0 und d aeng a158.2 BLA aBLANCHARD KEN aWHALE DONE THE POWER OF POSITIVE RELATIO c2002aLondonbNicholas Brealey avii, : 127 : p. : cm. ; 25 cRS